[Event "Registro op 10th"]
[White "Matsuura,Everaldo"]
[Black "Osipi,Jair"]
[Site "Registro"]
[Round "5"]
[Annotator ""]
[Result "1-0"]
[Date "2019.08.03"]
[WhiteElo "2449"]
[BlackElo "2137"]
[PlyCount "77"]

1. e4 c5 2. Nf3 d6 3. d4 cxd4 4. Nxd4 Nf6 5. Nc3 a6 6. f3 e5 7. Nb3 Be6 8. Be3 Be7 9. Qd2 Nc6 10. Nd5 Bxd5 11. exd5 Nb8 12. c4 b6 13. Be2 Nbd7 14. Rd1 a5 15. O-O a4 16. Na1 Nc5 17. Nc2 Na6 18. b3 axb3 19. axb3 O-O 20. b4 Qb8 21. f4 Rd8 22. b5 Ne4 23. Qe1 Nac5 24. Nb4 Qc7 25. Nc6 Re8 26. fxe5 dxe5 27. Ra1 Bf8 28. Bf3 Nd3 29. Rxa8 Rxa8 30. Qb1 Nec5 31. d6 Bxd6 32. Ne7+ Qxe7 33. Bxa8 e4 34. Bd5 Qh4 35. g3 Bxg3 36. Qa2 h5 37. Bxf7+ Kh7 38. Bxc5 Nf4 39. Be3 1-0

[Event "Registro op 10th"]
[White "Hirota da Silva,Nilton Jose"]
[Black "Matsuura,Everaldo"]
[Site "Registro"]
[Round "2"]
[Annotator ""]
[Result "0-1"]
[Date "2019.08.02"]
[WhiteElo "1902"]
[BlackElo "2449"]
[PlyCount "66"]

1. e4 c5 2. Nc3 Nc6 3. g3 g6 4. Bg2 Bg7 5. f4 d6 6. Nf3 e6 7. O-O Nge7 8. d3 O-O 9. Be3 Rb8 10. d4 cxd4 11. Nxd4 Qb6 12. Nce2 Qxb2 13. Rb1 Qxa2 14. Nxc6 Nxc6 15. f5 exf5 16. exf5 Bxf5 17. Rxf5 gxf5 18. Bd5 Qa5 19. c4 Rbe8 20. Bf2 Re7 21. Nf4 Rfe8 22. Qh5 Nd4 23. Rd1 Qc3 24. Kg2 Ne6 25. Qxf5 Qe5 26. Qg4 Nxf4+ 27. gxf4 Qb2 28. Kg1 Kh8 29. Kf1 a5 30. Bh4 Bf6 31. Bf3 Bxh4 32. Qxh4 Qc3 33. Kf2 Qe3+ 0-1

[Event "Registro op 10th"]
[White "Matsuura,Everaldo"]
[Black "Sega,Carlos Alberto"]
[Site "Registro"]
[Round "3"]
[Annotator ""]
[Result "1/2-1/2"]
[Date "2019.08.02"]
[WhiteElo "2449"]
[BlackElo "2166"]
[PlyCount "93"]

1. e4 e5 2. Nf3 Nc6 3. Bb5 a6 4. Ba4 Nf6 5. O-O Be7 6. Re1 b5 7. Bb3 d6 8. c3 O-O 9. h3 Nb8 10. d4 Nbd7 11. Nbd2 Bb7 12. Bc2 Re8 13. Nf1 Bf8 14. Ng3 g6 15. a4 c5 16. d5 c4 17. Bg5 Be7 18. Qd2 Nc5 19. Ra3 Rb8 20. Be3 Qc7 21. Rea1 Nfd7 22. Nh2 h5 23. Nf3 h4 24. Nf1 bxa4 25. Bxc5 Nxc5 26. Bxa4 Rf8 27. Bc2 Bc8 28. R1a2 Kg7 29. Qe2 Bd7 30. Ne3 Bb5 31. Qd1 Rb7 32. Nd2 Rfb8 33. Ndxc4 Bxc4 34. Nxc4 Nxe4 35. Na5 Nxf2 36. Kxf2 Qc5+ 37. Kf1 Rxb2 38. Qd3 Rxa2 39. Rxa2 Bf6 40. Nc6 Re8 41. Ra4 e4 42. Rxe4 Rxe4 43. Qxe4 Qxc3 44. Qd3 Qa1+ 45. Qd1 Qc3 46. Qd3 Qa1+ 47. Qd1 1/2-1/2

[Event "Registro op 10th"]
[White "Matsuura,Everaldo"]
[Black "Nunes dos Santos,Rafael"]
[Site "Registro"]
[Round "1"]
[Annotator ""]
[Result "1-0"]
[Date "2019.08.01"]
[WhiteElo "2449"]
[BlackElo "1390"]
[PlyCount "48"]

1. e4 e5 2. Nf3 Nc6 3. Bb5 Qe7 4. O-O a6 5. Ba4 b5 6. Bb3 Bb7 7. c3 h6 8. d4 f6 9. Nh4 O-O-O 10. Ng6 Qd6 11. Nxh8 exd4 12. Nf7 Qe7 13. Nxd8 Nxd8 14. Bxg8 Qxe4 15. f3 Qh4 16. Qxd4 Qh5 17. Qg4 Qc5+ 18. Kh1 Bd6 19. Bf4 h5 20. Bxd6 cxd6 21. Qxg7 h4 22. h3 Qe3 23. Na3 Nc6 24. Qxf6 Kc7 1-0

[Event "American Continental 15th"]
[White "Almeida Junior,Alvaro Alves De"]
[Black "Matsuura,Everaldo"]
[Site "Sao Paulo"]
[Round "9"]
[Annotator ""]
[Result "0-1"]
[Date "2019.07.11"]
[WhiteElo "2076"]
[BlackElo "2459"]
[PlyCount "70"]

1. e4 c6 2. Nf3 d5 3. Nc3 Bg4 4. exd5 cxd5 5. d4 Nc6 6. Be2 e6 7. Ne5 Bxe2 8. Nxe2 Nxe5 9. dxe5 Bc5 10. c3 Ne7 11. Qa4+ Qd7 12. Qxd7+ Kxd7 13. Nd4 Bxd4 14. cxd4 Rhc8 15. Bd2 Nc6 16. Be3 Nb4 17. O-O Rc2 18. Rfc1 Rac8 19. Rxc2 Rxc2 20. a3 Nc6 21. Rb1 Na5 22. b3 Rc3 23. Kf1 Rxb3 24. Rxb3 Nxb3 25. Ke2 Kc6 26. Kd3 Kb5 27. Kc3 Ka4 28. Kb2 Na5 29. Ka2 Nc4 30. Bc1 b5 31. g4 a5 32. h4 b4 33. axb4 axb4 34. Bg5 b3+ 35. Ka1 Kb4 0-1

[Event "American Continental 15th"]
[White "Matsuura,Everaldo"]
[Black "Fernandez,Maria Florencia"]
[Site "Sao Paulo"]
[Round "5"]
[Annotator ""]
[Result "1-0"]
[Date "2019.07.08"]
[WhiteElo "2459"]
[BlackElo "2220"]
[PlyCount "77"]

1. e4 d6 2. d4 Nf6 3. f3 g6 4. c4 Bg7 5. Nc3 O-O 6. Bg5 c5 7. d5 h6 8. Be3 e6 9. Qd2 exd5 10. cxd5 Kh7 11. Nge2 Nbd7 12. Ng3 a6 13. a4 Qa5 14. Be2 b5 15. O-O b4 16. Nd1 Re8 17. Nf2 h5 18. Nh3 Ne5 19. Ng5+ Kg8 20. h3 Ned7 21. Nh1 Nf8 22. Nf2 N8h7 23. Nxh7 Kxh7 24. Bf4 Qd8 25. Nd1 Qe7 26. Ne3 Nd7 27. Nc4 Ne5 28. Nb6 Ra7 29. Bg5 f6 30. Be3 Nd7 31. Nxc8 Rxc8 32. Rae1 Re8 33. f4 f5 34. Bd3 fxe4 35. Bxe4 Qf7 36. Bb1 Rxe3 37. Rxe3 Bd4 38. f5 Qe8 39. fxg6+ 1-0

[Event "American Continental 15th"]
[White "Matsuura,Everaldo"]
[Black "Caetano,Ryan Wesley da Cost"]
[Site "Sao Paulo"]
[Round "3"]
[Annotator ""]
[Result "1/2-1/2"]
[Date "2019.07.07"]
[WhiteElo "2459"]
[BlackElo "2155"]
[PlyCount "63"]

1. e4 c5 2. Nf3 d6 3. c3 Nf6 4. Bd3 Nc6 5. O-O g6 6. Re1 Bg7 7. Bf1 Bg4 8. d3 O-O 9. Nbd2 e5 10. h3 Be6 11. d4 cxd4 12. cxd4 exd4 13. Nb3 d5 14. e5 Ne4 15. Nbxd4 Nxe5 16. Nxe5 Bxe5 17. f3 Qf6 18. Be3 Ng3 19. Qd2 Nf5 20. Nxf5 Bxf5 21. Re2 Rfe8 22. Rae1 Bg3 23. Rd1 Rac8 24. Qxd5 Rcd8 25. Qb3 Rxd1 26. Qxd1 Rd8 27. Rd2 Re8 28. Bd4 Qh4 29. Bc3 Bf4 30. Re2 Re6 31. Qe1 Qxe1 32. Rxe1 1/2-1/2

[Event "American Continental 15th"]
[White "Silva,Kaua Marques"]
[Black "Matsuura,Everaldo"]
[Site "Sao Paulo"]
[Round "2"]
[Annotator ""]
[Result "0-1"]
[Date "2019.07.06"]
[WhiteElo "1965"]
[BlackElo "2459"]
[PlyCount "90"]

1. e4 c5 2. Nf3 Nc6 3. d4 cxd4 4. Nxd4 Nf6 5. Nc3 d6 6. Bg5 e6 7. Qd2 Be7 8. f3 a6 9. O-O-O Bd7 10. Nxc6 Bxc6 11. Be3 O-O 12. Kb1 b5 13. Ne2 Rc8 14. Nd4 Bb7 15. h4 Nd7 16. h5 d5 17. f4 Nb6 18. e5 Nc4 19. Bxc4 dxc4 20. Qe2 Qc7 21. Qg4 Bc5 22. Rh3 Kh8 23. Rg3 Rg8 24. f5 Qxe5 25. fxe6 fxe6 26. Bf4 Qf6 27. Nxe6 Bf2 28. Bg5 Qf7 29. h6 Bxg3 30. hxg7+ Rxg7 31. Nxg7 Be5 32. Nf5 Rf8 33. Nh6 Qg6 34. Qh4 Be4 35. Rc1 b4 36. Ng4 Bg7 37. Ne3 b3 38. a3 bxc2+ 39. Ka2 Bd3 40. Be7 Re8 41. Bc5 Qh6 42. Qf2 Rb8 43. Bb4 a5 44. Qg3 Re8 45. Bc5 Qf6 0-1

[Event "American Continental 15th"]
[White "Matsuura,Everaldo"]
[Black "Guerreiro,Alexandre Vieira"]
[Site "Sao Paulo"]
[Round "1"]
[Annotator ""]
[Result "1/2-1/2"]
[Date "2019.07.05"]
[WhiteElo "2459"]
[BlackElo "2016"]
[PlyCount "75"]

1. e4 c5 2. c3 d5 3. exd5 Qxd5 4. d4 Nf6 5. Be3 cxd4 6. cxd4 e6 7. Nc3 Bb4 8. Nf3 O-O 9. Bd3 b6 10. O-O Bxc3 11. bxc3 Ba6 12. Bxa6 Nxa6 13. Qe2 Nb8 14. c4 Qb7 15. Ne5 Nc6 16. f4 Rfd8 17. Rad1 Rac8 18. Qf3 Na5 19. Qxb7 Nxb7 20. f5 exf5 21. Bg5 Nd6 22. d5 h6 23. Bxf6 gxf6 24. Nc6 Re8 25. Rc1 Re2 26. a4 Rce8 27. a5 R8e4 28. Nxa7 Nxc4 29. axb6 Nxb6 30. Rxf5 Ra2 31. Nc8 Nxc8 32. Rxc8+ Kg7 33. Rc3 Re1+ 34. Rf1 Rxf1+ 35. Kxf1 Rd2 36. Rg3+ Kf8 37. Rf3 Rxd5 38. Rxf6 1/2-1/2

[Event "Cuiaba Contaud op"]
[White "Matsuura,Everaldo"]
[Black "Alboredo,Julia"]
[Site "Cuiaba"]
[Round "6"]
[Annotator ""]
[Result "1-0"]
[Date "2019.06.02"]
[WhiteElo "2461"]
[BlackElo "2173"]
[PlyCount "53"]

1. e4 c5 2. c3 d5 3. exd5 Qxd5 4. d4 Nf6 5. Be3 cxd4 6. cxd4 e6 7. Nc3 Qd8 8. Nf3 Nc6 9. Bd3 Be7 10. O-O O-O 11. a3 Bd7 12. Bc2 Qa5 13. Qd3 Qh5 14. Ne2 Bd6 15. Ng3 Bxg3 16. fxg3 Ng4 17. Bf4 f5 18. d5 Ne7 19. h3 Nf6 20. dxe6 Bc6 21. Rad1 Rac8 22. Bb3 h6 23. Nd4 Be4 24. Qe2 Qxe2 25. Nxe2 Nfd5 26. Bd6 Rf6 27. Nf4 1-0

[Event "Cuiaba Contaud op"]
[White "Matsuura,Everaldo"]
[Black "Deus Filho,Joaquim"]
[Site "Cuiaba"]
[Round "5"]
[Annotator ""]
[Result "1-0"]
[Date "2019.06.02"]
[WhiteElo "2461"]
[BlackElo "1928"]
[PlyCount "33"]

1. e4 c5 2. Nf3 d6 3. d4 cxd4 4. Nxd4 Nf6 5. Nc3 g6 6. Be3 Bg7 7. f3 Nc6 8. Qd2 O-O 9. O-O-O a6 10. Kb1 Nxd4 11. Bxd4 Be6 12. h4 h5 13. g4 Kh7 14. Bxf6 Bxf6 15. gxh5 gxh5 16. Bd3 Bxc3 17. e5+ 1-0

[Event "Cuiaba Contaud op"]
[White "Labussiere,Yago"]
[Black "Matsuura,Everaldo"]
[Site "Cuiaba"]
[Round "3"]
[Annotator ""]
[Result "0-1"]
[Date "2019.06.01"]
[WhiteElo "2082"]
[BlackElo "2461"]
[PlyCount "106"]

1. d4 Nf6 2. c4 e6 3. Nf3 d5 4. g3 dxc4 5. Bg2 Bd7 6. Ne5 Bc6 7. Nxc6 Nxc6 8. e3 Qd7 9. O-O O-O-O 10. Qa4 Nd5 11. Qxc4 f5 12. Nc3 h5 13. Na4 h4 14. Nc5 Bxc5 15. dxc5 hxg3 16. fxg3 g5 17. e4 Qh7 18. h3 fxe4 19. Qxe4 Qxe4 20. Bxe4 Rxh3 21. Kg2 Rdh8 22. Bxg5 Rh2+ 23. Kg1 Nd4 24. Bh4 Rxb2 25. Rfb1 Re2 26. Re1 Nc3 27. Rxe2 Ndxe2+ 28. Kf2 Nxg3 29. Bxb7+ Kxb7 30. Kxg3 Ne4+ 31. Kg4 Rg8+ 32. Kf3 Nxc5 33. Rc1 Rf8+ 34. Ke3 Rf5 35. Bg3 Rd5 36. Ke2 a6 37. Rh1 Ne4 38. Be1 Rb5 39. Rh4 Nd6 40. Bc3 Rc5 41. Kd3 Nb5 42. Bb2 Rd5+ 43. Kc2 Nd6 44. Rh6 e5 45. Re6 Nc4 46. Bc3 Ne3+ 47. Kb3 Rb5+ 48. Ka4 Nd5 49. Be1 Nb6+ 50. Ka3 Nc4+ 51. Ka4 Nb6+ 52. Ka3 a5 53. Bc3 Kc8 0-1

[Event "Cuiaba Contaud op"]
[White "Mekhitarian,Krikor Sevag"]
[Black "Matsuura,Everaldo"]
[Site "Cuiaba"]
[Round "4"]
[Annotator ""]
[Result "1-0"]
[Date "2019.06.01"]
[WhiteElo "2543"]
[BlackElo "2458"]
[PlyCount "54"]

1. c4 e5 2. Nc3 Nf6 3. Nf3 Nc6 4. e3 Be7 5. a3 a5 6. Qb3 O-O 7. Be2 a4 8. Qc2 d5 9. cxd5 Nxd5 10. Nxa4 f5 11. d3 Kh8 12. O-O e4 13. dxe4 fxe4 14. Nd2 Bf5 15. Nxe4 Bd6 16. g3 Qe7 17. f3 Ne5 18. Bd2 Nf6 19. Nac3 Bc5 20. Nd5 Bxe4 21. fxe4 Qd6 22. Rac1 Nxd5 23. Rxf8+ Rxf8 24. Qxc5 Nf6 25. Qxd6 cxd6 26. Bb4 Nxe4 27. Rd1 Kg8 1-0

[Event "Concordia op 5th"]
[White "Matsuura,Everaldo"]
[Black "Bueno,Alfeu Varela Jr"]
[Site "Concordia"]
[Round "9"]
[Annotator ""]
[Result "1-0"]
[Date "2019.05.05"]
[WhiteElo "2461"]
[BlackElo "2188"]
[PlyCount "59"]

1. d4 e6 2. c4 f5 3. g3 Nf6 4. Bg2 d5 5. Nh3 c6 6. O-O Bd6 7. Nd2 O-O 8. Nf3 dxc4 9. Bf4 Nd5 10. Bxd6 Qxd6 11. Ne5 Nb6 12. Rc1 N8d7 13. Nxc4 Nxc4 14. Rxc4 e5 15. dxe5 Qxe5 16. Qb3 Kh8 17. Nf4 g5 18. Nd3 Qf6 19. e3 Nb6 20. Rd4 Be6 21. Qb4 Rf7 22. Nc5 Bd5 23. e4 fxe4 24. Nxe4 Qe5 25. Re1 Qg7 26. Nd6 Re7 27. Rdd1 Bxg2 28. Kxg2 Nd5 29. Rxd5 Rxe1 30. Rxg5 1-0

[Event "Concordia op 5th"]
[White "Di Berardino,Diego Rafael"]
[Black "Matsuura,Everaldo"]
[Site "Concordia"]
[Round "8"]
[Annotator ""]
[Result "1/2-1/2"]
[Date "2019.05.04"]
[WhiteElo "2512"]
[BlackElo "2461"]
[PlyCount "40"]

1. d4 d5 2. c4 e6 3. Nc3 c6 4. e3 Nf6 5. Nf3 Nbd7 6. Qc2 Bd6 7. Be2 O-O 8. O-O dxc4 9. Bxc4 a6 10. a4 c5 11. dxc5 Bxc5 12. Rd1 Qc7 13. Bd3 Bd6 14. b3 Ne5 15. Bb2 Nxd3 16. Rxd3 Bd7 17. Rad1 Be7 18. Ng5 Rfd8 19. Rd4 h6 20. Nf3 Bc6 1/2-1/2

[Event "Concordia op 5th"]
[White "Matsuura,Everaldo"]
[Black "Filgueiras,Nathan Felipe"]
[Site "Concordia"]
[Round "7"]
[Annotator ""]
[Result "1/2-1/2"]
[Date "2019.05.04"]
[WhiteElo "2461"]
[BlackElo "2170"]
[PlyCount "114"]

1. d4 Nf6 2. c4 e6 3. Nc3 Bb4 4. e3 O-O 5. Bd3 c5 6. Nge2 d5 7. a3 Bxc3+ 8. Nxc3 cxd4 9. exd4 dxc4 10. Bxc4 Nc6 11. Be3 b6 12. O-O Bb7 13. Ba2 Ne7 14. Bg5 Ng6 15. d5 exd5 16. Qd4 Qd6 17. Bxf6 Qxf6 18. Qxf6 gxf6 19. Bxd5 Bxd5 20. Nxd5 Kg7 21. Rad1 Rfc8 22. Ne3 Rc7 23. Nf5+ Kf8 24. Rd6 Rc2 25. Rxf6 Rd8 26. h3 Rxb2 27. Rc1 Rbd2 28. Rc4 R2d7 29. Rg4 Re8 30. h4 Re6 31. Rxe6 fxe6 32. Ne3 Kf7 33. h5 Ne5 34. Rf4+ Ke7 35. g4 Rd4 36. Rxd4 Nf3+ 37. Kg2 Nxd4 38. g5 b5 39. Ng4 a5 40. h6 Kf7 41. Ne5+ Kg8 42. Kg3 Nc2 43. Kg4 Nxa3 44. Kh5 Nc2 45. g6 Nb4 46. Nf7 Nd5 47. gxh7+ Kxh7 48. Ng5+ Kh8 49. Nxe6 a4 50. Nc5 Kh7 51. Kg5 Nb6 52. f4 b4 53. f5 b3 54. f6 b2 55. f7 b1=Q 56. f8=Q Qg6+ 57. Kh4 Qxh6+ 1/2-1/2

[Event "Concordia op 5th"]
[White "Matsuura,Everaldo"]
[Black "Cordeiro,Marco Aurelio Zaror"]
[Site "Concordia"]
[Round "5"]
[Annotator ""]
[Result "1-0"]
[Date "2019.05.03"]
[WhiteElo "2461"]
[BlackElo "2221"]
[PlyCount "109"]

1. e4 c5 2. Nf3 Nc6 3. c3 d5 4. exd5 Qxd5 5. d4 e5 6. dxe5 Qxd1+ 7. Kxd1 Bg4 8. Bf4 Nge7 9. Be2 Ng6 10. Bg3 Bxf3 11. Bxf3 Ngxe5 12. Be2 O-O-O+ 13. Kc2 Bd6 14. Nd2 f5 15. Rhe1 Nf7 16. Bxd6 Nxd6 17. Bf3 Kc7 18. Bd5 Rhe8 19. Nf3 Ne7 20. Be6 Ne4 21. Bf7 Rf8 22. Bc4 Nd5 23. g3 Ndf6 24. h3 Rfe8 25. Bb5 Re6 26. Re2 Red6 27. a4 g6 28. Rae1 a6 29. Bc4 R6d7 30. Ne5 Rd2+ 31. Kc1 Rxe2 32. Rxe2 Nd6 33. Bd3 b5 34. axb5 axb5 35. g4 c4 36. Bc2 fxg4 37. Nxg4 Nxg4 38. hxg4 Re8 39. Rxe8 Nxe8 40. Kd2 Nf6 41. g5 Nd5 42. Ke2 Kd6 43. Be4 Nf4+ 44. Ke3 Ke5 45. Bc6 Nd3 46. b4 Nf4 47. Bxb5 Nd5+ 48. Kd2 Nb6 49. Bc6 Kf4 50. Ke2 Kxg5 51. Ke3 h5 52. Kd4 Kf4 53. Kc5 Nc8 54. b5 g5 55. Bd7 1-0

[Event "Concordia op 5th"]
[White "Guedes,Matheus Resende"]
[Black "Matsuura,Everaldo"]
[Site "Concordia"]
[Round "4"]
[Annotator ""]
[Result "0-1"]
[Date "2019.05.02"]
[WhiteElo "1957"]
[BlackElo "2461"]
[PlyCount "64"]

1. e4 c5 2. Nf3 Nc6 3. d4 cxd4 4. Nxd4 g6 5. Nc3 Bg7 6. Be3 Nf6 7. Nxc6 bxc6 8. e5 Ng8 9. Bd4 c5 10. Bxc5 Qc7 11. Bd4 Bxe5 12. Bxe5 Qxe5+ 13. Qe2 Qxe2+ 14. Bxe2 Bb7 15. O-O Rc8 16. Rac1 Nf6 17. Nb5 O-O 18. c4 d6 19. Rfd1 Nd7 20. Rd3 a6 21. Nd4 d5 22. Nf3 e5 23. Rb3 Rc7 24. c5 f6 25. Rbc3 d4 26. R3c2 Be4 27. c6 Bxc2 28. cxd7 Rc6 29. Bxa6 Rxa6 30. Rxc2 Rxa2 31. Nd2 Ra1+ 32. Nf1 Ra7 0-1

[Event "Concordia op 5th"]
[White "Matsuura,Everaldo"]
[Black "De Borba,Gabriel"]
[Site "Concordia"]
[Round "3"]
[Annotator ""]
[Result "1/2-1/2"]
[Date "2019.05.02"]
[WhiteElo "2461"]
[BlackElo "2072"]
[PlyCount "79"]

1. d4 Nf6 2. c4 g6 3. Nc3 d5 4. cxd5 Nxd5 5. e4 Nxc3 6. bxc3 Bg7 7. Be3 O-O 8. Qd2 b6 9. Bh6 Bb7 10. Bd3 e5 11. d5 Nd7 12. Bxg7 Kxg7 13. Nf3 Nc5 14. O-O Qe7 15. Rfe1 Rad8 16. c4 Qd6 17. Bf1 Bc8 18. Qe3 Rde8 19. Nd2 f5 20. f3 f4 21. Qf2 Bd7 22. Nb3 g5 23. Rab1 Rb8 24. Kh1 h5 25. g3 Kh6 26. gxf4 gxf4 27. Qh4 Rg8 28. Nxc5 Qxc5 29. Bh3 Bxh3 30. Qxh3 Rg6 31. Rg1 Rbg8 32. Rxg6+ Rxg6 33. Qc8 Qf2 34. Qh8+ Kg5 35. Qxe5+ Kh6 36. Qh8+ Kg5 37. Qd8+ Kh6 38. Qf8+ Kh7 39. Qf7+ Kh6 40. Qf8+ 1/2-1/2

[Event "Concordia op 5th"]
[White "De Freitas,Julio Eimard"]
[Black "Matsuura,Everaldo"]
[Site "Concordia"]
[Round "2"]
[Annotator ""]
[Result "0-1"]
[Date "2019.05.01"]
[WhiteElo "1822"]
[BlackElo "2461"]
[PlyCount "92"]

1. d4 Nf6 2. Nf3 g6 3. g3 Bg7 4. Bg2 O-O 5. O-O d5 6. Bf4 c5 7. c3 Nc6 8. Ne5 Qb6 9. Qb3 cxd4 10. Nxc6 bxc6 11. cxd4 Qxd4 12. Nc3 Qb6 13. Na4 Qxb3 14. axb3 Nd7 15. Bc7 Bb7 16. Rfc1 Rfc8 17. Ba5 Rab8 18. Rc2 e6 19. e3 Ba6 20. b4 Bc4 21. Ra3 Bf8 22. b3 Bd3 23. Rc3 Bf5 24. Nc5 Nxc5 25. bxc5 Bg7 26. b4 Bxc3 27. Rxc3 e5 28. Rc1 Rb7 29. f3 Rcb8 30. Bf1 Rxb4 31. Bxb4 Rxb4 32. Ra1 Rb1 33. Rxb1 Bxb1 34. Ba6 Bf5 35. Kf2 Kf8 36. g4 Bd7 37. h3 h6 38. Ke2 Ke7 39. Kd3 f5 40. Kc3 fxg4 41. fxg4 Kf6 42. Bd3 Kg5 43. Kb4 Be8 44. Ka5 Kh4 45. Bf1 Kg3 46. Ka6 Kf2 0-1

[Event "Concordia op 5th"]
[White "Matsuura,Everaldo"]
[Black "Machado,Luiz Fernando"]
[Site "Concordia"]
[Round "1"]
[Annotator ""]
[Result "1-0"]
[Date "2019.05.01"]
[WhiteElo "2461"]
[BlackElo "1526"]
[PlyCount "55"]

1. e4 e5 2. f4 d6 3. Nf3 Nc6 4. Bb5 Bd7 5. O-O Nge7 6. fxe5 Nxe5 7. Nxe5 dxe5 8. Bc4 f6 9. c3 c6 10. d4 Qc7 11. Be3 O-O-O 12. Nd2 Ng6 13. a4 exd4 14. cxd4 Bd6 15. h3 Bb4 16. Qf3 Be8 17. Qf2 Bf7 18. Bxf7 Qxf7 19. d5 Bxd2 20. Bxd2 cxd5 21. Qxa7 Kd7 22. Ba5 Rb8 23. Rac1 Ke6 24. exd5+ Kxd5 25. Rcd1+ Ke6 26. Qb6+ Ke7 27. Bb4+ Ke8 28. Qb5+ 1-0

[Event "Barueri op 3rd"]
[White "Ichimura G Barbosa,Larissa Yuki"]
[Black "Matsuura,Everaldo"]
[Site "Barueri"]
[Round "6"]
[Annotator ""]
[Result "0-1"]
[Date "2019.04.21"]
[WhiteElo "2006"]
[BlackElo "2468"]
[PlyCount "48"]

1. e4 e5 2. Nf3 Nc6 3. Bb5 a6 4. Ba4 Nf6 5. d3 d6 6. c3 g6 7. O-O Bg7 8. Re1 O-O 9. Nbd2 Nd7 10. Bc2 f5 11. Nc4 Nf6 12. Bg5 h6 13. Bxf6 Qxf6 14. d4 exd4 15. e5 dxe5 16. Ncxe5 dxc3 17. Bb3+ Kh7 18. bxc3 Nxe5 19. Nxe5 Re8 20. Qd5 Be6 21. Qxb7 Rab8 22. Qxc7 Bxb3 23. axb3 Rxb3 24. Ra5 Rxe5 0-1

[Event "Barueri op 3rd"]
[White "Matsuura,Everaldo"]
[Black "Cadilhac,Igor Tokuichi Kikuc"]
[Site "Barueri"]
[Round "5"]
[Annotator ""]
[Result "1/2-1/2"]
[Date "2019.04.21"]
[WhiteElo "2468"]
[BlackElo "2260"]
[PlyCount "64"]

1. Nf3 d5 2. c4 e6 3. e3 Nf6 4. Nc3 a6 5. d4 dxc4 6. Bxc4 b5 7. Bb3 Bb7 8. O-O c5 9. Qe2 Be7 10. dxc5 Nbd7 11. e4 b4 12. e5 bxc3 13. exf6 Bxf6 14. Rd1 Qc7 15. Bxe6 fxe6 16. Qxe6+ Be7 17. Bf4 Nxc5 18. Qe3 Qc6 19. Bd6 O-O-O 20. Bxe7 cxb2 21. Bxc5 bxa1=Q 22. Rxa1 Rhe8 23. Qa3 Re4 24. Be3 Rg4 25. Rc1 Rc4 26. Re1 Rg4 27. Rc1 Rc4 28. Re1 Qg6 29. Qb3 Qc2 30. Qb6 Rc6 31. Qb4 Qc3 32. Qg4+ Kb8 1/2-1/2

[Event "Barueri op 3rd"]
[White "Matsuura,Everaldo"]
[Black "Sega,Carlos Alberto"]
[Site "Barueri"]
[Round "4"]
[Annotator ""]
[Result "1/2-1/2"]
[Date "2019.04.20"]
[WhiteElo "2468"]
[BlackElo "2209"]
[PlyCount "59"]

1. e4 e5 2. Nf3 Nc6 3. d4 exd4 4. Nxd4 Nf6 5. Nxc6 bxc6 6. e5 Qe7 7. Qe2 Nd5 8. c4 Nb6 9. Nc3 Qe6 10. Qe4 g6 11. Bd3 Bg7 12. f4 O-O 13. O-O f5 14. Qe2 d6 15. c5 dxc5 16. b3 c4 17. bxc4 Ba6 18. Be3 Rfd8 19. Rfd1 Bxc4 20. Bxc4 Qxc4 21. Qxc4+ Nxc4 22. Bc5 g5 23. g3 gxf4 24. gxf4 Bh6 25. Ne2 Rd5 26. Rxd5 cxd5 27. Rb1 Rd8 28. Nd4 Re8 29. Nxf5 Bxf4 30. Ne7+ 1/2-1/2